Fluorescence of solutions / (Record no. 72955)
[ view plain ]
| 000 -LEADER | |
|---|---|
| fixed length control field | 00752nam a2200241 a 4500 |
| 001 - CONTROL NUMBER | |
| control field | 72955 |
| 003 - CONTROL NUMBER IDENTIFIER | |
| rucl marc code | BD-RjUL |
| 005 - DATE AND TIME OF LATEST TRANSACTION | |
| control field | 20211209082330.0 |
| 008 - FIXED-LENGTH DATA ELEMENTS--GENERAL INFORMATION | |
| fixed length control field | 170525s1953 enka 001 0 eng |
| 035 ## - SYSTEM CONTROL NUMBER | |
| System control number | (BD-RjUL)73173 |
| 040 ## - CATALOGING SOURCE | |
| Original cataloging agency | DLC |
| Transcribing agency | OC |
| Modifying agency | Uk |
| -- | DLC |
| -- | BD-RjUL |
| Language of cataloging | eng |
| 041 ## - LANGUAGE CODE | |
| Language code of text/sound track or separate title | eng |
| 082 ## - DEWEY DECIMAL CLASSIFICATION NUMBER | |
| Edition number | 23 |
| Classification number | 535.352 |
| Author mark and year | BOF 1953 |
| 100 1# - MAIN ENTRY--PERSONAL NAME | |
| Personal name | Bowen, E. J. |
| Fuller form of name | (Edmund John), |
| Dates associated with a name | 1898-1980. |
| 9 (RLIN) | 215783 |
| 245 10 - TITLE STATEMENT | |
| Title | Fluorescence of solutions / |
| Statement of responsibility, etc. | by E. J. Bowen and Frank Wokes. |
| 260 ## - PUBLICATION, DISTRIBUTION, ETC. (IMPRINT) | |
| Place of publication, distribution, etc. | London ; |
| -- | New York : |
| Name of publisher, distributor, etc. | Longmans, Green |
| Date of publication, distribution, etc. | c1953. |
| 300 ## - PHYSICAL DESCRIPTION | |
| Pagination | vii, 91 p. : |
| Illustrations | ill. ; |
| Size | 22 cm. |
| 500 ## - GENERAL NOTE | |
| General note | Includes index. |
| 650 #0 - SUBJECT ADDED ENTRY--TOPICAL TERM | |
| Topical term or geographic name as entry element | Fluorescence. |
| 9 (RLIN) | 215784 |
| Topical term or geographic name as entry element | Solution (Chemistry) |
| 9 (RLIN) | 170012 |
| 700 1# - ADDED ENTRY--PERSONAL NAME | |
| Personal name | Wokes, Frank, |
| Relator term | joint author. |
| 942 ## - ADDED ENTRY ELEMENTS (KOHA) | |
| Source of classification or shelving scheme | Dewey Decimal Classification |
| Koha item type | Books |
| Lost status | Source of classification or shelving scheme | Damaged status | Not for loan | Collection code | Permanent Location | Current Location | Shelving location | Date acquired | Source of acquisition | Cost, normal purchase price | Total Checkouts | Full call number | Date last seen | Copy number | Koha item type |
|---|---|---|---|---|---|---|---|---|---|---|---|---|---|---|---|
| Dewey Decimal Classification | Not For Loan | Non-fiction | Central Library, University of Rajshahi | Central Library, University of Rajshahi | Reading Room | 17/10/1957 | Publishers Limited | 20.50 | 535.352 BOF 1953 | 25/05/2017 | C-1 | Books |